| 000 | 01231nam a2200289 i 4500 | ||
|---|---|---|---|
| 001 | 131078 | ||
| 003 | ES-MaACL | ||
| 005 | 20250716063304.0 | ||
| 007 | t| | ||
| 008 | 070214s1912 sp |||| | spa d | ||
| 080 | _a78.034(460) | ||
| 100 | 1 |
_aRoda, Cecilio de, _d1865-1912 _eaut _9227158 |
|
| 245 | 1 | 3 |
_aLa música profana en el reinado de Carlos I : _bconferencias dadas en el Ateneo de Madrid / _cpor Cecilio de Roda. |
| 260 |
_aBilbao : _bRevista Musical de Bilbao, _c1912 _f(Tip. de El Nervión) |
||
| 300 |
_a49 páginas, 8 páginas con música ; _c26 cm. |
||
| 490 | 1 | _aPublicaciones de la Revista musical | |
| 530 | _aDisponible en formato digital | ||
| 597 | _aLas p. de música son diferencias sobre las composiciones El Conde Claros y Las vacas. | ||
| 610 | 2 | 4 |
_aAteneo de Madrid- _vConferencias- _y1900-1939 _91907 |
| 650 | 4 |
_aMúsica española- _yS.XVI. _9159099 |
|
| 830 | 0 |
_aPublicaciones de la Revista musical _9219552 |
|
| 852 |
_aES-MaACL _cDEPO2 _hDonativo Roda _jL-4912 (20-9) |
||
| 856 |
_uhttp://bdh-rd.bne.es/viewer.vm?id=0000111563&page=1 _yVersión en línea _z(Biblioteca Digital Hispánica) |
||
| 942 |
_2udc _cMONANT _n0 |
||
| 999 |
_c131078 _d131078 |
||